[Event "World School-ch U15 Girls"]
[Site "Rhodes"]
[Date "2023.04.17"]
[Round "4"]
[White "Rouda Essa, Alserkal"]
[Black "Karas, Eugenia"]
[Result "1/2-1/2"]
[WhiteElo "1747"]
[BlackElo "1928"]
[PlyCount "96"]
[EventDate "2023.04.14"]
[EventType "swiss"]
[EventRounds "9"]
[EventCountry "GRE"]
[SourceTitle "EXT 2024"]
[Source "ChessBase"]
[SourceDate "2023.10.10"]
[SourceVersion "1"]
[SourceVersionDate "2023.10.10"]
[SourceQuality "1"]

1. e4 e5 2. Nf3 Nc6 3. Bb5 a6 4. Ba4 Nf6 5. 0-0 Be7 6. Bxc6 dxc6 7. d3 Bg4 8. Nbd2 Bd6 9. Nc4 Qe7 10. b3 0-0-0 11. Bb2 Nd7 12. Qe2 Rdf8 13. Qe3 Bc5 14. d4 exd4 15. Nxd4 Be6 16. Nd2 g5 17. a4 Ne5 18. N2f3 Nxf3+ 19. Qxf3 g4 20. Qe2 Bxd4 21. Bxd4 Rhg8 22. Qe3 b6 23. a5 c5 24. Bb2 Kb7 25. Ba3 Qg5 26. Qc3 f5 27. b4 b5 28. bxc5 c6 29. exf5 Qxf5 30. Qg3 Qxc2 31. Qd6 Qf5 32. Rae1 Re8 33. Re5 Qf7 34. Rfe1 Rgf8 35. R1e2 Bd7 36. Bb2 Rxe5 37. Bxe5 Qd5 38. Rd2 Qxd6 39. Rxd6 Kc8 40. Kf1 Rf5 41. Bd4 Rd5 42. Ke2 Kc7 43. Be3 Rxd6 44. Bf4 Be6 45. Bxd6+ Kd7 46. Ke3 b4 47. Kf4 b3 48. Be5 Bd5 1/2-1/2

[Event "UK-ch Blitz (Women)"]
[Site "Leamington Spa"]
[Date "2022.12.03"]
[Round "13"]
[White "Karas, Eugenia"]
[Black "Fuchs, Louison"]
[Result "1-0"]
[WhiteElo "1898"]
[BlackElo "1494"]
[PlyCount "49"]
[EventDate "2022.12.03"]
[EventType "tourn (blitz)"]
[EventRounds "15"]
[EventCountry "ENG"]
[SourceTitle "CBM 211 Extra"]
[Source "ChessBase"]
[SourceDate "2023.01.31"]
[SourceVersion "1"]
[SourceVersionDate "2023.01.31"]
[SourceQuality "1"]

1. d4 d5 2. c4 e6 3. Nf3 Nf6 4. g3 g6 5. Bg2 Bg7 6. 0-0 b6 7. Nc3 Bb7 8. b3 c5 9. dxc5 bxc5 10. Bb2 0-0 11. Rb1 Nc6 12. cxd5 exd5 13. Na4 c4 14. bxc4 dxc4 15. Bxf6 Qxf6 16. Rxb7 c3 17. Rd7 Nb4 18. Rd6 Qf5 19. Nh4 Qe5 20. Nxc3 Qxc3 21. Bxa8 Rxa8 22. Rd8+ Rxd8 23. Qxd8+ Bf8 24. Qa5 a6 25. a3 1-0

[Event "UK-ch Blitz (Women)"]
[Site "Leamington Spa"]
[Date "2022.12.03"]
[Round "8"]
[White "Mirzoeva, Elmira"]
[Black "Karas, Eugenia"]
[Result "1-0"]
[WhiteElo "2120"]
[BlackElo "1898"]
[PlyCount "85"]
[EventDate "2022.12.03"]
[EventType "tourn (blitz)"]
[EventRounds "15"]
[EventCountry "ENG"]
[SourceTitle "CBM 211 Extra"]
[Source "ChessBase"]
[SourceDate "2023.01.31"]
[SourceVersion "1"]
[SourceVersionDate "2023.01.31"]
[SourceQuality "1"]

1. d4 d5 2. c4 e6 3. Nf3 Nf6 4. Nc3 Be7 5. Bg5 h6 6. Bh4 b6 7. e3 Bb7 8. Qc2 Nbd7 9. cxd5 Nxd5 10. Nxd5 Bxd5 11. Bxe7 Qxe7 12. Qxc7 0-0 13. Ba6 Qb4+ 14. Qc3 Qxc3+ 15. bxc3 Bxf3 16. gxf3 Nf6 17. Kd2 Nd5 18. Rhb1 Rfd8 19. a4 Nc7 20. Bd3 Rab8 21. Rb2 Nd5 22. Rab1 Rbc8 23. c4 Ne7 24. Rb5 f6 25. a5 bxa5 26. Rxa5 Nc6 27. Ra6 Rc7 28. Be4 Rdc8 29. c5 f5 30. Bxc6 Rxc6 31. Rxa7 e5 32. Rbb7 Rg6 33. Rc7 Rxc7 34. Rxc7 exd4 35. exd4 Rg2 36. Ke3 Rxh2 37. c6 Rh1 38. Rd7 Rc1 39. c7 Kh7 40. d5 h5 41. d6 h4 42. Rd8 h3 43. c8Q 1-0

[Event "Cattolica Vergani Cup"]
[Site "Cattolica"]
[Date "2021.12.29"]
[Round "7"]
[White "Varshini, Veileven"]
[Black "Karas, Eugenia"]
[Result "1-0"]
[WhiteElo "2165"]
[BlackElo "1804"]
[PlyCount "119"]
[EventDate "2021.12.26"]
[EventType "swiss"]
[EventRounds "9"]
[EventCountry "ITA"]
[SourceTitle "EXT 2023"]
[Source "ChessBase"]
[SourceDate "2022.10.05"]
[SourceVersion "1"]
[SourceVersionDate "2022.10.05"]
[SourceQuality "1"]

1. e4 e6 2. d4 d5 3. Nd2 a6 4. Ngf3 c5 5. exd5 exd5 6. c3 Nc6 7. dxc5 Bxc5 8. Bd3 Qe7+ 9. Qe2 Be6 10. Nb3 Ba7 11. 0-0 h6 12. Re1 Nf6 13. h3 0-0 14. Be3 b5 15. Nbd4 Nxd4 16. Bxd4 Bxd4 17. Nxd4 Rae8 18. Qf3 Qd6 19. a3 Bd7 20. Bf5 Rxe1+ 21. Rxe1 Re8 22. Rxe8+ Nxe8 23. Qe3 Kf8 24. Bc2 Qe7 25. Qxe7+ Kxe7 26. Bb3 Kd6 27. Kf1 Nf6 28. Ke2 Ne4 29. Ke3 g6 30. Bc2 Nc5 31. f4 f5 32. Nf3 Ne4 33. Ne5 Be8 34. Bxe4 dxe4 35. Kd4 g5 36. g3 a5 37. c4 gxf4 38. gxf4 a4 39. cxb5 Bxb5 40. Nf7+ Ke7 41. Ne5 Kd6 42. Ng6 Bf1 43. h4 Bb5 44. Ne5 h5 45. Nf7+ Ke7 46. Ng5 Kd6 47. Nh3 Bf1 48. Nf2 Be2 49. Nh1 Bf3 50. Ng3 Bg4 51. Nf1 Be2 52. Ne3 Bg4 53. Kc4 Kc6 54. Nd5 Kd6 55. Nc3 Kc6 56. Kd4 e3 57. Kxe3 Kc5 58. Nxa4+ Kc4 59. b4 Kb3 60. b5 1-0

[Event "Cattolica Vergani Cup"]
[Site "Cattolica"]
[Date "2021.12.26"]
[Round "1"]
[White "Krasteva, Beloslava"]
[Black "Karas, Eugenia"]
[Result "1-0"]
[WhiteElo "2194"]
[BlackElo "1804"]
[PlyCount "65"]
[EventDate "2021.12.26"]
[EventType "swiss"]
[EventRounds "9"]
[EventCountry "ITA"]
[SourceTitle "CBM 206 Extra"]
[Source "ChessBase"]
[SourceDate "2022.03.31"]
[SourceVersion "1"]
[SourceVersionDate "2022.03.31"]
[SourceQuality "1"]

1. d4 f5 2. c4 Nf6 3. Nc3 e6 4. g3 c6 5. Bg2 d5 6. Nf3 Bd6 7. 0-0 0-0 8. Bf4 Ne4 9. e3 b6 10. Bxd6 Qxd6 11. Rc1 Ba6 12. Ne5 Nd7 13. Qa4 Bb7 14. cxd5 b5 15. Qb3 Nxc3 16. Rxc3 exd5 17. Nxc6 Nf6 18. Qxb5 Bxc6 19. Rxc6 Rab8 20. Qa6 Qb4 21. Qxa7 Ra8 22. Qc5 Qxb2 23. Rxf6 gxf6 24. Bxd5+ Kg7 25. Bxa8 Rxa8 26. a4 Qa2 27. Qxf5 Rxa4 28. Rc1 Ra7 29. d5 Qa5 30. Qg4+ Kf7 31. Qe6+ Kg7 32. d6 Ra8 33. Rc7+ 1-0

[Event "Newcastle Northumbria Masters"]
[Site "Newcastle on Tyne"]
[Date "2021.08.27"]
[Round "2"]
[White "Finn, Peter"]
[Black "Karas, Eugenia"]
[Result "1-0"]
[WhiteElo "1981"]
[BlackElo "1697"]
[PlyCount "81"]
[EventDate "2021.08.26"]
[EventType "swiss"]
[EventRounds "9"]
[EventCountry "ENG"]
[SourceTitle "CBM 204 Extra"]
[Source "ChessBase"]
[SourceDate "2021.11.30"]
[SourceVersion "1"]
[SourceVersionDate "2021.11.30"]
[SourceQuality "1"]

1. e4 e6 2. d4 d5 3. Nc3 Nf6 4. e5 Nfd7 5. f4 c5 6. Nf3 Nc6 7. Be3 c4 8. f5 Qb6 9. Qd2 Be7 10. Be2 0-0 11. 0-0 Qa5 12. Qe1 exf5 13. Qg3 Rd8 14. Nh4 Bxh4 15. Qxh4 Nf8 16. g4 fxg4 17. Bxg4 Bxg4 18. Qxg4 Ne6 19. Rf2 Rd7 20. Raf1 Qb6 21. Qf3 Qa5 22. Qh3 Rad8 23. Ne2 Qb6 24. c3 a5 25. Nf4 Nxf4 26. Bxf4 Ne7 27. Bg5 Qe6 28. Qg2 Rf8 29. Bxe7 Qxe7 30. Qg4 Rdd8 31. Kh1 Qe6 32. Qg3 Qg6 33. Qe3 Qe6 34. Rg2 Rd7 35. Rf6 Qe7 36. Qh6 g6 37. Rg3 Rc8 38. Rh3 Qd8 39. Qxh7+ Kf8 40. Re6 f5 41. Qh8+ 1-0

[Event "EU-ch Online U12 Girls"]
[Site "Tornelo INT"]
[Date "2020.09.20"]
[Round "7"]
[White "Braeutigam, Katerina"]
[Black "Karas, Eugenia"]
[Result "0-1"]
[WhiteElo "1744"]
[BlackElo "1540"]
[PlyCount "86"]
[EventDate "2020.09.18"]
[EventType "swiss (rapid)"]
[EventRounds "9"]
[EventCountry "NET"]
[SourceTitle "EXT 2023"]
[Source "ChessBase"]
[SourceDate "2022.10.05"]
[SourceVersion "1"]
[SourceVersionDate "2022.10.05"]
[SourceQuality "1"]
[WhiteTeam "Germany"]
[BlackTeam "England"]
[WhiteTeamCountry "GER"]
[BlackTeamCountry "ENG"]

1. e4 e6 2. d4 d5 3. e5 c5 4. c3 Nc6 5. Nf3 Nge7 6. a3 Nf5 7. b4 cxd4 8. cxd4 Bd7 9. Bb2 b5 10. Be2 a5 11. bxa5 Nxa5 12. 0-0 Nc4 13. Bxc4 bxc4 14. Nc3 Be7 15. Qc2 0-0 16. Ra2 f6 17. exf6 Bxf6 18. Qd2 Qb6 19. Rd1 Nd6 20. Raa1 Nb7 21. Ne2 Na5 22. Nc1 Nc6 23. h3 Rfb8 24. Bc3 Be7 25. a4 Bb4 26. Ne2 Bxc3 27. Nxc3 Qb2 28. Qxb2 Rxb2 29. Ra3 Na5 30. Rda1 Rb3 31. Kf1 Rxa3 32. Rxa3 Rb8 33. Nd2 Kf7 34. Ke2 Ke7 35. Kd1 Kd6 36. f4 h6 37. Nf3 Rb3 38. Rxb3 Nxb3 39. Kc2 Be8 40. Kb2 Bh5 41. g4 Be8 42. Ka3 Kc7 43. Kb4 Kb6 0-1

[Event "EU-ch Online U12 Girls"]
[Site "Tornelo INT"]
[Date "2020.09.20"]
[Round "8"]
[White "Karas, Eugenia"]
[Black "Trunz, Michelle"]
[Result "1/2-1/2"]
[WhiteElo "1540"]
[BlackElo "1662"]
[PlyCount "83"]
[EventDate "2020.09.18"]
[EventType "swiss (rapid)"]
[EventRounds "9"]
[EventCountry "NET"]
[SourceTitle "EXT 2023"]
[Source "ChessBase"]
[SourceDate "2022.10.05"]
[SourceVersion "1"]
[SourceVersionDate "2022.10.05"]
[SourceQuality "1"]
[WhiteTeam "England"]
[BlackTeam "Germany"]
[WhiteTeamCountry "ENG"]
[BlackTeamCountry "GER"]

1. d4 f5 2. c4 Nf6 3. Nc3 e6 4. Qc2 c6 5. Nf3 d5 6. e3 Bd6 7. Be2 0-0 8. 0-0 Ne4 9. Ne5 Qc7 10. f4 Qd8 11. Bd2 Bd7 12. Be1 Be8 13. Nxe4 fxe4 14. Bg4 Qe7 15. Bg3 Nd7 16. c5 Bc7 17. b4 Nxe5 18. fxe5 Bg6 19. Rxf8+ Rxf8 20. Rf1 Rxf1+ 21. Kxf1 Qf7+ 22. Qf2 Qxf2+ 23. Kxf2 Kf7 24. Be2 Ke7 25. Ke1 Be8 26. Bh4+ Kd7 27. h3 h6 28. Kd2 g5 29. Bf2 Ke7 30. g4 a5 31. a3 axb4 32. axb4 b6 33. Kd1 bxc5 34. bxc5 Bd7 35. Bg3 Kd8 36. Kc2 Kc8 37. Kb3 Kb7 38. Be1 Ka7 39. Ka4 Kb7 40. Ba5 Bxa5 41. Kxa5 Kc7 42. Ka6 1/2-1/2

[Event "EU-ch Online U12 Girls"]
[Site "Tornelo INT"]
[Date "2020.09.19"]
[Round "6"]
[White "Karas, Eugenia"]
[Black "Gaszka, Zuzanna"]
[Result "1-0"]
[WhiteElo "1540"]
[BlackElo "1270"]
[PlyCount "79"]
[EventDate "2020.09.18"]
[EventType "swiss (rapid)"]
[EventRounds "9"]
[EventCountry "NET"]
[SourceTitle "EXT 2023"]
[Source "ChessBase"]
[SourceDate "2022.10.05"]
[SourceVersion "1"]
[SourceVersionDate "2022.10.05"]
[SourceQuality "1"]
[WhiteTeam "England"]
[BlackTeam "Poland"]
[WhiteTeamCountry "ENG"]
[BlackTeamCountry "POL"]

1. d4 Nf6 2. Nf3 g6 3. Bg5 Bg7 4. c3 d5 5. Nbd2 0-0 6. Bxf6 exf6 7. e3 Bf5 8. Be2 Nd7 9. 0-0 c6 10. Qb3 Rb8 11. h3 Be6 12. Rfd1 h6 13. c4 f5 14. cxd5 Bxd5 15. Bc4 Nb6 16. Bxd5 Nxd5 17. Nc4 Qe7 18. Nce5 g5 19. Re1 Qd6 20. Nc4 Qc7 21. Rac1 f6 22. Ncd2 Qd7 23. e4 fxe4 24. Nxe4 b6 25. Qc4 Rbc8 26. Nc3 Kh8 27. Nxd5 cxd5 28. Qd3 f5 29. Rxc8 Rxc8 30. Ne5 Bxe5 31. Rxe5 Rf8 32. Qe2 Rc8 33. Qf3 g4 34. hxg4 fxg4 35. Qe3 Qc6 36. Kh2 h5 37. Rxh5+ Kg7 38. Qe7+ Kg6 39. Rg5+ Kh6 40. Qg7# 1-0

[Event "EU-ch Online U12 Girls"]
[Site "Tornelo INT"]
[Date "2020.09.18"]
[Round "3"]
[White "Sofieva, Alexandra"]
[Black "Karas, Eugenia"]
[Result "0-1"]
[WhiteElo "1374"]
[BlackElo "1540"]
[PlyCount "76"]
[EventDate "2020.09.18"]
[EventType "swiss (rapid)"]
[EventRounds "9"]
[EventCountry "NET"]
[SourceTitle "EXT 2023"]
[Source "ChessBase"]
[SourceDate "2022.10.05"]
[SourceVersion "1"]
[SourceVersionDate "2022.10.05"]
[SourceQuality "1"]
[WhiteTeam "Finland"]
[BlackTeam "England"]
[WhiteTeamCountry "FIN"]
[BlackTeamCountry "ENG"]

1. e4 e6 2. Qe2 Ne7 3. Nf3 d5 4. d3 c5 5. exd5 Nxd5 6. Bd2 Nc6 7. Nc3 Be7 8. g3 Bf6 9. Nxd5 Qxd5 10. c3 Ne5 11. c4 Qxf3 12. Qxf3 Nxf3+ 13. Kd1 Nxd2 14. Kxd2 Bxb2 15. Rb1 Bd4 16. Ke2 Bd7 17. Bg2 Bc6 18. Bxc6+ bxc6 19. Rb7 0-0 20. Rhb1 Be5 21. f4 Bd6 22. Rd7 Rfd8 23. Rbb7 Rxd7 24. Rxd7 Bf8 25. Rc7 a5 26. Rxc6 Rb8 27. Kf3 Rb2 28. Ra6 Rxa2 29. h3 a4 30. Ke3 g6 31. d4 Ra3+ 32. Ke4 f5+ 33. Ke5 Re3+ 34. Kf6 cxd4 35. h4 Rxg3 36. Ke5 d3 37. Rxa4 d2 38. Ra1 Bg7+ 0-1

[Event "BCF-ch U10"]
[Site "Hull"]
[Date "2018.08.03"]
[Round "6"]
[White "Karas, Eugenia"]
[Black "Zakarian, Dimitrios Levon"]
[Result "0-1"]
[WhiteElo "1457"]
[BlackElo "1518"]
[PlyCount "102"]
[EventDate "2018.07.29"]
[EventType "swiss"]
[EventRounds "7"]
[EventCountry "ENG"]
[SourceTitle "EXT 2021"]
[Source "ChessBase"]
[SourceDate "2020.10.23"]
[SourceVersion "1"]
[SourceVersionDate "2020.10.23"]
[SourceQuality "1"]

1. e4 c5 2. Nf3 e6 3. d4 cxd4 4. Nxd4 a6 5. Nc3 Qc7 6. Bd3 Nf6 7. 0-0 Bc5 8. Nb3 Be7 9. Bd2 0-0 10. Kh1 b5 11. a3 Bb7 12. Qe2 d6 13. f4 Nbd7 14. Rae1 e5 15. f5 Nc5 16. g4 Nxb3 17. cxb3 d5 18. g5 dxe4 19. Bxe4 Nxe4 20. Nxe4 Bxe4+ 21. Qxe4 f6 22. g6 h6 23. Rf3 Rfb8 24. Qd5+ Kh8 25. Rc1 Qb7 26. Rc6 Rd8 27. Qe6 Rd6 28. Rxd6 Qxf3+ 29. Kg1 Bxd6 30. Qxd6 Qg4+ 31. Kh1 Qe4+ 32. Kg1 Qd4+ 33. Qxd4 exd4 34. Kf2 Rc8 35. Ke2 Rc2 36. Kd3 Rxb2 37. b4 Kg8 38. Bc1 Rxh2 39. Kxd4 Rf2 40. Ke4 h5 41. Bf4 h4 42. Ke3 Ra2 43. Kf3 h3 44. Ke4 h2 45. Bxh2 Rxh2 46. Kd4 Ra2 47. Kc5 Rxa3 48. Kb6 Ra4 49. Kb7 a5 50. bxa5 Rxa5 51. Kb6 b4 0-1